000 00734nam a2200229Ia 4500
003 OSt
005 20220923214257.0
006 a|||||r|||| 00| 0
007 ta
008 220922b |||||||| |||| 00| 0 hin d
024 _a168,374
037 _cTextual
040 _aARTS
_cARTS
_bhin
041 _2hin
_ahin
082 _aO152:1M65:9, J4(TPH)
100 _aद्वारिका प्रसाद
245 0 _aकवि सम्राट हरिऔध और उनकी कृतियां
246 _aKavi samrāṭ hariaudh aur unakī kṛutiyāan
260 _c1954
942 _hO152:1M65:9, J4(TPH)
_cTEXL
_2CC
999 _c322844
_d322844